تقرير التنمية الدولية لعام 2008 : الزراعة من أجل التنمية / (Record no. 119722)

MARC details
000 -LEADER
fixed length control field 00617nam a22001937a 4500
005 - DATE AND TIME OF LATEST TRANSACTION
control field 20251108174841.0
008 - FIXED-LENGTH DATA ELEMENTS--GENERAL INFORMATION
fixed length control field 250721s2008 xx 000 0 eng d
020 ## - INTERNATIONAL STANDARD BOOK NUMBER
International Standard Book Number 9772823772
082 14 - DEWEY DECIMAL CLASSIFICATION NUMBER
Classification number ب.د/338.1/تقر
100 1# - MAIN ENTRY--PERSONAL NAME
Personal name عجينة, هبة
Relator term مراجع
245 10 - TITLE STATEMENT
Title تقرير التنمية الدولية لعام 2008 : الزراعة من أجل التنمية /
264 1# - PRODUCTION, PUBLICATION, DISTRIBUTION, MANUFACTURE, AND COPYRIGHT NOTICE
Place of production, publication, distribution, manufacture واشنطن :
Name of producer, publisher, distributor, manufacturer البنك الدولي,
Date of production, publication, distribution, manufacture, or copyright notice 2008.
300 ## - PHYSICAL DESCRIPTION
Extent 367 ص.
650 17 - SUBJECT ADDED ENTRY--TOPICAL TERM
Topical term or geographic name as entry element الزراعة
650 17 - SUBJECT ADDED ENTRY--TOPICAL TERM
Topical term or geographic name as entry element التنمية الإقتصادية
650 17 - SUBJECT ADDED ENTRY--TOPICAL TERM
Topical term or geographic name as entry element التقارير
942 ## - ADDED ENTRY ELEMENTS (KOHA)
Source of classification or shelving scheme Dewey Decimal Classification
Koha item type Books
Holdings
حالة السحب حالة الفقدان مصدر التصنيف حالة التلف غير قابل للإعارة المكتبة الرئيسية المكتبة الحالية موقع الرف تاريخ التزويد الرقم المتسلسل Total Checkouts رقم الإستدعاء الباركود تاريخ آخر ظهور تاريخ الفاتورة نوع المادة (كوها)
    Dewey Decimal Classification   Not For Loan المكتبة المركزية المكتبة المركزية مركز المعلومات العامة 28/07/2025 1358843   ب.د/338.1/تقر PLD00138500 28/07/2025 28/07/2025 Books
    Dewey Decimal Classification   Not For Loan المكتبة المركزية المكتبة المركزية مركز المعلومات العامة 24/03/2010 1358818   ب.د/338.1/تقر PLD00138544 28/07/2025 24/03/2010 Books
Implemented & Customized by: BBB with SCIT (Smart Chains for Information Technology)

Powered by Koha